Central Library OPAC University of Rajshahi

The Fugitives ; (Record no. 17103)

MARC details
000 -LEADER
fixed length control field 00999nam a22003011 4500
001 - CONTROL NUMBER
control field 17103
003 - CONTROL NUMBER IDENTIFIER
rucl marc code BD-RjUL
005 - DATE AND TIME OF LATEST TRANSACTION
control field 20211209000105.0
008 - FIXED-LENGTH DATA ELEMENTS--GENERAL INFORMATION
fixed length control field 140216s1958 ncu b 000 0 eng
035 ## - SYSTEM CONTROL NUMBER
System control number (BD-RjUL)17160
System control number (OCoLC)269867
040 ## - CATALOGING SOURCE
Original cataloging agency DLC
Transcribing agency ODaWU
Modifying agency OCoLC
-- BD-RjUL
Language of cataloging eng
041 ## - LANGUAGE CODE
Language code of text/sound track or separate title eng
082 ## - DEWEY DECIMAL CLASSIFICATION NUMBER
Classification number 810.975
Author mark and year BRF 1958
100 1# - MAIN ENTRY--PERSONAL NAME
Personal name Bradbury, John M.
9 (RLIN) 52760
245 14 - TITLE STATEMENT
Title The Fugitives ;
Remainder of title a critical account /
260 ## - PUBLICATION, DISTRIBUTION, ETC. (IMPRINT)
Place of publication, distribution, etc. Chapel Hill :
Name of publisher, distributor, etc. University of North Carolina Press ,
Date of publication, distribution, etc. 1958
300 ## - PHYSICAL DESCRIPTION
Pagination xiv, 300 p. :
Size 24 cm.
504 ## - BIBLIOGRAPHY, ETC. NOTE
Bibliography, etc "Bibliography": p. [174]-294.
610 20 - SUBJECT ADDED ENTRY--CORPORATE NAME
Corporate name or jurisdiction name as entry element Fugitives (Group)
650 #0 - SUBJECT ADDED ENTRY--TOPICAL TERM
Topical term or geographic name as entry element American literature
Geographic subdivision Southern States
General subdivision History and criticism.
9 (RLIN) 52762
Topical term or geographic name as entry element American literature
Chronological subdivision 20th century
General subdivision History and criticism.
9 (RLIN) 51595
651 #0 - SUBJECT ADDED ENTRY--GEOGRAPHIC NAME
Geographic name Southern States
General subdivision Intellectual life
Chronological subdivision 1865-
9 (RLIN) 52763
Geographic name Southern States
General subdivision In literature.
9 (RLIN) 52764
942 ## - ADDED ENTRY ELEMENTS (KOHA)
Source of classification or shelving scheme Dewey Decimal Classification
Koha item type Books
Holdings
Lost status Source of classification or shelving scheme Damaged status Not for loan Collection code Permanent Location Current Location Shelving location Date acquired Source of acquisition Cost, normal purchase price Total Checkouts Full call number Date last seen Copy number Koha item type
  Dewey Decimal Classification   Not For Loan Fiction Central Library, University of Rajshahi Central Library, University of Rajshahi Reading Room 01/05/1965 Zeittinger 40.00   810.975 BRF 1958 16/02/2014 C-1 Books